[Event "FRA-chT1 0910"]
[Site "France"]
[Date "2009.10.04"]
[Round "1.8"]
[White "Husson, Cybele"]
[Black "Bernard, Aurelie"]
[Result "1-0"]
[WhiteElo "2041"]
[BlackElo "1499"]
[PlyCount "45"]
[EventDate "2009.09.27"]
[EventType "team-tourn"]
[EventRounds "11"]
[EventCountry "FRA"]
[SourceTitle "EXT 2011"]
[Source "ChessBase"]
[SourceDate "2010.11.26"]
[SourceVersion "1"]
[SourceVersionDate "2010.11.26"]
[SourceQuality "1"]

1. e4 d5 2. exd5 e6 3. dxe6 fxe6 4. d4 Nc6 5. Bb5 Bd7 6. Nf3 Nf6 7. Qe2 Bd6 8. Bg5 0-0 9. 0-0 e5 10. Bc4+ Kh8 11. dxe5 Bxe5 12. Nxe5 Be6 13. Bxe6 Nxe5 14. Qxe5 Qe8 15. Nc3 c5 16. Rae1 b6 17. Nd5 Rd8 18. Nxf6 Qe7 19. Nh5 Rg8 20. Bxe7 Rde8 21. Bxg8 Rxg8 22. Bf8 Rxf8 23. Qxg7# 1-0